000 02978cam a22007214i 4500
003 PE-LiUPU
005 20250731170459.0
008 150616s1994 nyua r 000 0 eng d
020 _a0671864416
020 _a9780671864415
035 _a(Sirsi) i9780671864415
040 _aPE-LiUPU
_bspa
_cPE-LiUPU
_dPE-LiUPU
_erda
049 _aPRUA
082 0 4 _a158.1
_bC83
_221
100 1 _aCovey, Stephen R.,
_eautor.
245 1 0 _aFirst things first :
_bto live, to love, to learn, to leave a legacy /
_cStephen R. Covey A. Roger Merrill y Rebecca R. Merrill.
264 1 _aNew York :
_bSimon & Schuster,
_c1994.
300 _a360 páginas :
_bilustraciones ;
_c24 centímetros
336 _atext
_2rdacontent
337 _aunmediated
_2rdamedia
338 _avolume
_2rdacarrier
505 0 _aThe clock and the compass -- The main thing is to keep the main thing the main thing -- The synergy of interdependence -- The power and peace of principle-centered living.
526 _aSEG68
526 _aSEG70
526 _aSEG69
526 _aSEG67
526 _aSEG43
526 _aP144
526 _aP143
526 _aP131
526 _aP122
526 _aP120
526 _aP117
526 _aP112
526 _aP110
526 _aP106
526 _aP101
526 _aP80
526 _aP59
526 _aP54
526 _aP35
526 _aP33
526 _aP30
650 0 4 _aConducta de vida.
_9973
700 1 _aMerrill, A. Roger,
_eeditor.
700 1 _aMerrill, Rebecca R.,
_eeditor.
910 _ajck
_bjvq
_cjck
910 _abgr
_bksl
_cksl
_d20190816
942 _2ddc
_cBOOK
949 _a158.1 C83
_wDEWEY
_c1
_i56195
_lCCODEBUL1
_mBUL
_r0
_sY
_tBOOK
_u2015-6-16
_xTEOLOGIA
_zUNKNOWN
_0COMPRA
_o.STAFF. Colección General
949 _a158.1 C83
_wDEWEY
_c2
_i40414
_lCCODEBUL1
_mBUL
_r0
_sY
_tBOOK
_u2015-6-16
_xTEOLOGIA
_zUNKNOWN
_0COMPRA
_o.STAFF. Colección General
949 _a158.1 C83
_wDEWEY
_c3
_i40415
_lCCODEBUL1
_mBUL
_r0
_sY
_tBOOK
_u2015-6-16
_xTEOLOGIA
_zUNKNOWN
_0COMPRA
_o.STAFF. Colección Ciencias de la Salud
994 _aC0
_bPEPRU
596 _a1
999 _a158.1 C86
_wDEWEY
_c58216
_i56195
_f2021-11-11
_g6
_lCCODEBUL1
_mBUL
_p18.00
_r0
_sY
_tBOOK
_u2015-6-16
_xTEOLOGIA
_zP35
_0COMPRA
_o.STAFF. Colección General
_d58216
999 _a158.1 C86
_wDEWEY
_c2
_i40414
_f2019-12-9
_g5
_lDISCARD
_mBUL
_p18.00
_r1
_sY
_tBOOK
_u2015-6-16
_xTEOLOGIA
_zP35
_0COMPRA
_o.STAFF. Colección General
999 _a158.1 C86
_wDEWEY
_c3
_i40415
_f2021-11-3
_g6
_lCCODEBUL1
_mBUL
_p18.00
_r0
_sY
_tBOOK
_u2015-6-16
_xSALUD
_zP35
_0COMPRA
_o.STAFF. Colección Ciencias de la Salud
999 _a158.1 C86
_wDEWEY
_c4
_i80627
_f2021-11-3
_g3
_lCCODEBUL1
_mBUL
_p18.00
_r0
_sY
_tBOOK
_u2019-8-16
_xSALUD
_zP35
_0COMPRA
_o.STAFF. Colección Teología
980 _81
_gALBERTO SANCHEZ Responsable de Automatización